000
00347nam a2200133Ia 4500
008
100328s9999 xx 000 0 und d
082
_b
33740
100
_a
जोगळेकर योगिनी
245
_a
सार्थक
260
_b
दिलीप
630
_a
सार्थक
730
_a
सार्थक
942
_c
BOOK
999
_c
524081
_d
524078